Top scorers for Croatia in the 21st century - Statistics

General Stats
  • This quiz has been taken 12 times
  • The average score is 13 of 25
Answer Stats
Answer % Correct
Luka Modric
100%
Ivan Perisic
92%
Mateo Kovacic
92%
Niko Kovac
92%
Dejan Lovren
75%
Domagoj Vida
75%
Mario Mandzukic
75%
Andrej Kramaric
67%
Darijo Srna
67%
Ivan Rakitic
67%
Josko Gvardiol
67%
Marcelo Brozovic
67%
Marko Livaja
58%
Ante Budimir
50%
Bruno Petkovic
50%
Ante Rebic
42%
Ivica Olic
42%
Mario Pasalic
42%
Vedran Corluka
33%
Eduardo
25%
Lovro Majer
17%
Nikola Kalinic
17%
Nikola Vlasic
17%
Josip Brekalo
8%
Josip Simunic
8%
No matching quizzes found
Score Distribution
Percent of People with Each Score
Percentile by Number Answered
Your Score History
You have not taken this quiz